| 000 | 004170000a22001570004500 | ||
|---|---|---|---|
| 020 | _a84-261-3206-5 | ||
| 082 | 0 | 4 | _aGCJ S772h |
| 100 | 1 | _aSpyri, Johana | |
| 245 | 1 | 0 | _aHeidi / Johana Spyri ; ilustraciones Paul Hey; traducción del aleman por Th. Scheppelmann |
| 250 | _a2a ed. | ||
| 260 | _aEspaña : Editorial Juventud, S.A | ||
| 300 | _a221 P. | ||
| 650 | 1 | 4 | _aLiteratura infantil |
| 001 | 1796 | ||
| 942 | _cLGB | ||
| 999 |
_c48953 _d48953 |
||